[Event "RUS-ch Blitz Men 2018"]
[Site "Sochi"]
[Date "2018.10.07"]
[Round "7"]
[White "Gogolev, Artem"]
[Black "Demchenko, Anton"]
[Result "1/2-1/2"]
[WhiteElo "2389"]
[BlackElo "2679"]
[Annotator "TA"]
[PlyCount "82"]
[EventDate "2018.10.07"]
[EventType "swiss"]
[EventCountry "RUS"]
[SourceTitle "playchess.com"]
[Source "ChessBase"]
[SourceQuality "1"]

1. Nf3 Nf6 2. g3 g6 3. b3 Bg7 4. Bb2 d6 5. d4 O-O 6. Bg2 Nbd7 7. O-O Re8 8. Nbd2 e5 9. dxe5 dxe5 10. e4 b6 11. Re1 Bb7 12. a4 a6 13. Nc4 Bxe4 14. Nfxe5 Bxg2 15. Kxg2 Nxe5 16. Nxe5 Qd5+ 17. Qf3 Qxf3+ 18. Nxf3 Nd5 19. Bxg7 Kxg7 20. Rad1 Red8 21. Rd4 c5 22. Rd2 Nb4 23. Red1 Rxd2 24. Rxd2 Rc8 25. Rd6 Rc6 26. Rxc6 Nxc6 27. Kf1 Kf6 28. Ke2 Kf5 29. h3 h6 30. Ke3 Nb4 31. c3 Nc6 32. Nd2 Na5 33. Nc4 Nxc4+ 34. bxc4 g5 35. g4+ Ke5 36. Kf3 f5 37. Ke3 f4+ 38. Kd3 Kd6 39. Ke4 Ke6 40. f3 a5 41. Kd3 Ke5 1/2-1/2

[Event "RUS-ch Blitz Men 2018"]
[Site "Sochi"]
[Date "2018.10.07"]
[Round "7"]
[White "Murzin, Volodar"]
[Black "Dzhumagaliev, Yan"]
[Result "1-0"]
[WhiteElo "2340"]
[BlackElo "2410"]
[Annotator "TA"]
[PlyCount "111"]
[EventDate "2018.10.07"]
[EventType "swiss"]
[EventCountry "RUS"]
[SourceTitle "playchess.com"]
[Source "ChessBase"]
[SourceQuality "1"]

1. e4 c5 2. Nf3 a6 3. g3 Nc6 4. Bg2 g6 5. O-O Bg7 6. c3 e5 7. Na3 Nge7 8. Nc2 O-O 9. d4 d6 10. dxc5 dxc5 11. Ne3 h6 12. Qxd8 Rxd8 13. Nc4 Be6 14. Nb6 Rab8 15. Be3 c4 16. Na4 f5 17. Nc5 Bf7 18. Rfd1 a5 19. Bf1 b5 20. a4 b4 21. Nd7 Rb7 22. Nb6 Rdb8 23. Nxc4 bxc3 24. bxc3 Rb3 25. Nd6 Rxc3 26. Nxf7 Kxf7 27. Rac1 Rxc1 28. Rxc1 fxe4 29. Nd2 Rb4 30. Bc5 Rb2 31. Nxe4 Nd4 32. Bc4+ Ke8 33. Kg2 Nef5 34. Nd6+ Kd7 35. Nxf5 gxf5 36. Bxd4 exd4 37. Bd3 f4 38. gxf4 Bf6 39. Bb5+ Ke7 40. Kf3 Bh4 41. Re1+ Kd6 42. Re2 Rb3+ 43. Kg4 Bd8 44. Kf5 Kc5 45. Rc2+ Kb4 46. Rc4+ Ka3 47. Rxd4 Bb6 48. Rd6 Bxf2 49. Rxh6 Be3 50. Rh3 Kb2 51. Ke4 Rb4+ 52. Kxe3 Rb3+ 53. Bd3 Ra3 54. f5 Rxa4 55. f6 Rb4 56. f7 1-0

[Event "RUS-ch Blitz Men 2018"]
[Site "Sochi"]
[Date "2018.10.07"]
[Round "7"]
[White "Inozemtsev, Sergei"]
[Black "Iljiushenok, Ilia"]
[Result "1-0"]
[WhiteElo "2310"]
[BlackElo "2539"]
[Annotator "ChessBase"]
[PlyCount "78"]
[EventDate "2018.10.07"]
[EventType "swiss"]
[EventCountry "RUS"]
[SourceTitle "playchess.com"]
[Source "ChessBase"]
[SourceQuality "1"]

1. e4 c5 2. Nf3 e6 3. d3 Nc6 4. g3 d5 5. Qe2 Be7 6. Bg2 Nf6 7. O-O O-O 8. Bg5 b5 9. a3 a5 10. Re1 Ba6 11. e5 Nd7 12. h4 Re8 13. Nbd2 b4 14. b3 bxa3 15. Rxa3 Nb4 16. Rc1 h6 17. Bxe7 Qxe7 18. c4 Bb7 19. Nb1 d4 20. Nbd2 Nc6 21. Rca1 Ra6 22. Ne4 Rb8 23. Nd6 Ba8 24. Nb5 Qd8 25. Qe1 Nb4 26. Qe2 Bc6 27. Nd6 Bxf3 28. Bxf3 Nxe5 29. Qxe5 Rxd6 30. Qe2 Ra6 31. Ra4 Qc7 32. Be4 Ra7 33. Bg2 Ra6 34. Bf3 Rd8 35. Bg2 Re8 36. Bf3 e5 37. Be4 Qd8 38. h5 Qb6 39. Qg4 Qe6 1-0

[Event "RUS-ch Blitz Men 2018"]
[Site "Sochi"]
[Date "2018.10.07"]
[Round "7"]
[White "Chizhikov, Vladislav"]
[Black "Pogromsky, Mikhail"]
[Result "1-0"]
[WhiteElo "2304"]
[BlackElo "2462"]
[Annotator "TA"]
[PlyCount "61"]
[EventDate "2018.10.07"]
[EventType "swiss"]
[EventCountry "RUS"]
[SourceTitle "playchess.com"]
[Source "ChessBase"]
[SourceQuality "1"]

1. e4 Nf6 2. e5 Nd5 3. Nc3 c6 4. Nxd5 cxd5 5. d4 d6 6. Nf3 Bg4 7. exd6 e6 8. Be2 Bxd6 9. c3 Nc6 10. O-O O-O 11. Re1 a6 12. a4 Rb8 13. Ne5 Bxe2 14. Qxe2 Bxe5 15. dxe5 b5 16. axb5 axb5 17. Qg4 Kh8 18. Bg5 Qc7 19. f4 b4 20. Qh4 bxc3 21. bxc3 Rb2 22. Kh1 d4 23. cxd4 Nxd4 24. Qh3 Qc6 25. Rac1 Qb7 26. Rc3 Rc8 27. Rg1 Rxc3 28. Qxc3 Nf5 29. Qd3 h6 30. Bd8 Nh4 31. Bxh4 1-0

[Event "RUS-ch Blitz Men 2018"]
[Site "Sochi"]
[Date "2018.10.07"]
[Round "7"]
[White "Slavin, Alexey"]
[Black "Oganian, Miran"]
[Result "1-0"]
[WhiteElo "2256"]
[BlackElo "2435"]
[Annotator "TA"]
[PlyCount "89"]
[EventDate "2018.10.07"]
[EventType "swiss"]
[EventCountry "RUS"]
[SourceTitle "playchess.com"]
[Source "ChessBase"]
[SourceQuality "1"]

1. d4 Nf6 2. Nf3 d5 3. e3 c5 4. b3 Nc6 5. Bb2 g6 6. Nbd2 Bg7 7. a3 O-O 8. dxc5 a5 9. Ne5 Qc7 10. Nxc6 Qxc6 11. b4 b6 12. Nb3 bxc5 13. Nxc5 Qb6 14. Na4 Qb8 15. b5 Bd7 16. Rb1 Rc8 17. Be2 Bf5 18. Bd3 Bxd3 19. cxd3 h5 20. h3 d4 21. Bxd4 e5 22. Ba1 Qd6 23. O-O Rab8 24. Qb3 Rd8 25. Rfd1 Bf8 26. Bc3 Ra8 27. Bb2 Nd7 28. d4 e4 29. Nc3 Nf6 30. a4 h4 31. Ra1 Qd7 32. Ba3 Bh6 33. d5 Bg7 34. d6 Qf5 35. Nd5 Nxd5 36. Rxd5 Qe6 37. Rad1 Rd7 38. Bb2 Bh6 39. Qc3 Kh7 40. Re5 Qa2 41. Rxe4 Rad8 42. Re7 Rxe7 43. dxe7 Rxd1+ 44. Kh2 Rh1+ 45. Kxh1 1-0

[Event "RUS-ch Blitz Men 2018"]
[Site "Sochi"]
[Date "2018.10.07"]
[Round "7"]
[White "Cherenkov, Andrey"]
[Black "Gutenev, Alexander"]
[Result "0-1"]
[WhiteElo "2226"]
[BlackElo "2456"]
[Annotator "TA"]
[PlyCount "110"]
[EventDate "2018.10.07"]
[EventType "swiss"]
[EventCountry "RUS"]
[SourceTitle "playchess.com"]
[Source "ChessBase"]
[SourceQuality "1"]

1. e4 c5 2. Nc3 Nc6 3. g3 g6 4. Bg2 Bg7 5. d3 Rb8 6. Be3 b5 7. Qd2 b4 8. Nd1 d6 9. Ne2 Nd4 10. Nc1 e6 11. c3 bxc3 12. bxc3 Nc6 13. Ne2 Nge7 14. Bh6 Bxh6 15. Qxh6 Ba6 16. Qd2 Ne5 17. Nc1 c4 18. d4 Nd7 19. O-O Qb6 20. f4 d5 21. e5 h5 22. Rf2 Nf5 23. Ne3 Ke7 24. Nxf5+ gxf5 25. a4 Rbg8 26. Na2 Bb7 27. Nc1 h4 28. Ne2 a5 29. Qa2 hxg3 30. Nxg3 Ke8 31. Rb1 Qc7 32. Rfb2 Bc6 33. Qa3 f6 34. Re2 fxe5 35. dxe5 Kf7 36. Rf2 Rb8 37. Rbf1 Rb3 38. Qa1 Qb6 39. Ne2 Nc5 40. Nd4 Nd3 41. Rd2 Bd7 42. Kh1 Rb2 43. Rxb2 Qxb2 44. Qxb2 Nxb2 45. Rb1 Nxa4 46. Rb7 Nc5 47. Rc7 Rc8 48. Ra7 a4 49. Nb5 Ke7 50. Nd6 Rb8 51. h4 Nd3 52. h5 Nxf4 53. Bf3 Nd3 54. Kg2 Nxe5 55. Nb7 Nc6 0-1

[Event "RUS-ch Blitz Men 2018"]
[Site "Sochi"]
[Date "2018.10.07"]
[Round "7"]
[White "Taysayev, Timur"]
[Black "Belyakov, Bogdan"]
[Result "0-1"]
[WhiteElo "2225"]
[BlackElo "2458"]
[Annotator "ChessBase"]
[PlyCount "138"]
[EventDate "2018.10.07"]
[EventType "swiss"]
[EventCountry "RUS"]
[SourceTitle "playchess.com"]
[Source "ChessBase"]
[SourceQuality "1"]

1. e4 e5 2. Nf3 Nc6 3. Bb5 Nf6 4. d3 Bc5 5. Bg5 h6 6. Be3 Bxe3 7. fxe3 d6 8. O-O Bd7 9. c4 O-O 10. Nc3 Nh7 11. Bxc6 bxc6 12. Qe1 c5 13. Qh4 Qxh4 14. Nxh4 c6 15. Nf5 Bxf5 16. Rxf5 f6 17. b3 Ng5 18. h4 Ne6 19. g4 Rfd8 20. Kf1 Kf7 21. Ke2 Ke7 22. Rff1 Rh8 23. h5 Rhd8 24. Rh1 Nc7 25. Rac1 a5 26. Na4 Rab8 27. Rb1 Na6 28. Rb2 Rb4 29. Kf3 Rdb8 30. Rc2 Nc7 31. Kg3 Ne6 32. Rf1 Rd8 33. Rd1 Rb7 34. Rh1 Nc7 35. Rf1 Na6 36. Rh1 Nb4 37. Rd2 Rbb8 38. Rhd1 Na6 39. Rf1 Rd7 40. Rfd1 Rdb7 41. d4 cxd4 42. exd4 c5 43. d5 Rb4 44. Rf1 Kd7 45. Rc1 Kc7 46. Rf1 Rxa4 47. bxa4 Rb4 48. Rc1 Rxa4 49. Rc3 Rb4 50. Kf3 a4 51. Ke3 Rb1 52. Kf2 Kb6 53. Rcc2 Nb4 54. Rb2 Ra1 55. Ke3 Ka5 56. Re2 a3 57. Rbd2 Rc1 58. g5 hxg5 59. h6 Rc3+ 60. Kf2 gxh6 61. Kg2 Nd3 62. Re3 Nf4+ 63. Kf3 Kb4 64. Rxc3 Kxc3 65. Rh2 h5 66. Ke3 Kxc4 67. Rc2+ Kb4 68. Kd2 h4 69. Ke3 g4 0-1

[Event "RUS-ch Blitz Men 2018"]
[Site "Sochi"]
[Date "2018.10.07"]
[Round "7"]
[White "Indzhiev, Aldar"]
[Black "Malakhov, Igor"]
[Result "1/2-1/2"]
[WhiteElo "2218"]
[BlackElo "2423"]
[Annotator "NA"]
[PlyCount "53"]
[EventDate "2018.10.07"]
[EventType "swiss"]
[EventCountry "RUS"]
[SourceTitle "playchess.com"]
[Source "ChessBase"]
[SourceQuality "1"]

1. d4 Nf6 2. Bg5 d5 3. Bxf6 exf6 4. e3 c6 5. c4 dxc4 6. Bxc4 Bd6 7. Nc3 O-O 8. Nf3 f5 9. O-O Nd7 10. d5 cxd5 11. Nxd5 Nb6 12. Nxb6 Qxb6 13. Qb3 Qxb3 14. Bxb3 Be6 15. Rfd1 Bxb3 16. Rxd6 Be6 17. Nd4 Rfd8 18. Rxd8+ Rxd8 19. Rc1 g6 20. f3 Rd7 21. a3 Kg7 22. Kf2 Kf6 23. b4 f4 24. Nxe6 Kxe6 25. exf4 Rd2+ 26. Kg3 Ra2 27. Rc7 1/2-1/2

[Event "RUS-ch Blitz Men 2018"]
[Site "Sochi"]
[Date "2018.10.07"]
[Round "7"]
[White "Mikhailovsky, Vladimir"]
[Black "Matlakov, Maxim"]
[Result "0-1"]
[WhiteElo "2185"]
[BlackElo "2683"]
[Annotator "TA"]
[PlyCount "68"]
[EventDate "2018.10.07"]
[EventType "swiss"]
[EventCountry "RUS"]
[SourceTitle "playchess.com"]
[Source "ChessBase"]
[SourceQuality "1"]

1. g3 g6 2. Bg2 Bg7 3. e4 c5 4. Ne2 Nc6 5. O-O d6 6. c3 e5 7. Na3 Nge7 8. Nc2 O-O 9. d4 cxd4 10. cxd4 Bg4 11. d5 Nb8 12. h3 Bd7 13. f4 Na6 14. Be3 Rc8 15. Nc3 Nc5 16. Qd2 b5 17. fxe5 Bxe5 18. Bd4 b4 19. Nxb4 Qb6 20. Nc2 f5 21. b4 Bxd4+ 22. Nxd4 Qxb4 23. Rab1 Qc4 24. exf5 Nxf5 25. Nxf5 Bxf5 26. Rbd1 Nd3 27. Ne2 Ne5 28. Kh2 Bd7 29. Rf4 Rxf4 30. Nxf4 Bf5 31. Qa5 Qc2 32. Rf1 Be4 33. Qxa7 Rf8 34. Qe7 Rxf4 0-1

[Event "RUS-ch Blitz Men 2018"]
[Site "Sochi"]
[Date "2018.10.07"]
[Round "8"]
[White "Tomashevsky, Evgeny"]
[Black "Moiseenko, Vadim"]
[Result "0-1"]
[WhiteElo "2705"]
[BlackElo "2492"]
[Annotator "TA"]
[PlyCount "52"]
[EventDate "2018.10.07"]
[EventType "swiss"]
[EventCountry "RUS"]
[SourceTitle "playchess.com"]
[Source "ChessBase"]
[SourceQuality "1"]

1. e4 e5 2. Nf3 Nc6 3. Bb5 a6 4. Ba4 b5 5. Bb3 Na5 6. O-O d6 7. c3 Nxb3 8. axb3 Nf6 9. d4 Bb7 10. Bg5 Be7 11. Bxf6 Bxf6 12. d5 O-O 13. Qd3 c6 14. c4 bxc4 15. bxc4 cxd5 16. cxd5 a5 17. Rc1 Bg5 18. Nxg5 Qxg5 19. Qd2 Qg6 20. Nc3 f5 21. Re1 fxe4 22. Nxe4 Rf4 23. f3 Rxf3 24. Nxd6 Rd3 25. Qc2 Bxd5 26. Rxa5 Bxg2 0-1

[Event "RUS-ch Blitz Men 2018"]
[Site "Sochi"]
[Date "2018.10.07"]
[Round "8"]
[White "Matlakov, Maxim"]
[Black "Mikhailovsky, Vladimir"]
[Result "1-0"]
[WhiteElo "2683"]
[BlackElo "2185"]
[Annotator "TA"]
[PlyCount "67"]
[EventDate "2018.10.07"]
[EventType "swiss"]
[EventCountry "RUS"]
[SourceTitle "playchess.com"]
[Source "ChessBase"]
[SourceQuality "1"]

1. d4 Nf6 2. Bf4 b6 3. e3 Bb7 4. Nf3 g6 5. h3 Bg7 6. c4 O-O 7. Nc3 d6 8. Be2 Nc6 9. O-O Nd7 10. Bh2 e5 11. a3 exd4 12. exd4 a5 13. Re1 Re8 14. Qd2 Nf8 15. Bf4 Ne6 16. Be3 Ne7 17. d5 Nc5 18. Rad1 Nf5 19. Bg5 Bxc3 20. Qxc3 Ne4 21. Qc1 Nxg5 22. Nxg5 h6 23. Nf3 Kg7 24. Bd3 Qf6 25. Nd2 Rxe1+ 26. Rxe1 h5 27. Bxf5 Qxf5 28. Ne4 Re8 29. Qc3+ Qe5 30. Nxd6 cxd6 31. Rxe5 dxe5 32. Qb3 Ba6 33. Qxb6 Bxc4 34. Qc6 1-0

[Event "RUS-ch Blitz Men 2018"]
[Site "Sochi"]
[Date "2018.10.07"]
[Round "8"]
[White "Demchenko, Anton"]
[Black "Gogolev, Artem"]
[Result "1-0"]
[WhiteElo "2679"]
[BlackElo "2389"]
[Annotator "TA"]
[PlyCount "69"]
[EventDate "2018.10.07"]
[EventType "swiss"]
[EventCountry "RUS"]
[SourceTitle "playchess.com"]
[Source "ChessBase"]
[SourceQuality "1"]

1. e4 c5 2. Nf3 Nf6 3. Nc3 d5 4. exd5 Nxd5 5. Bb5+ Bd7 6. Bc4 Nb6 7. Be2 Nc6 8. O-O Bg4 9. a4 e6 10. a5 Nd5 11. a6 b6 12. Bb5 Rc8 13. h3 Bxf3 14. Qxf3 Bd6 15. Nxd5 exd5 16. Re1+ Kf8 17. c3 g6 18. g3 Be7 19. d4 cxd4 20. Bh6+ Kg8 21. h4 Bf8 22. Bg5 Qd6 23. Bxc6 Qxc6 24. cxd4 h6 25. Bf4 Qd7 26. Rac1 Rxc1 27. Rxc1 Bg7 28. Rc7 Qe6 29. Be3 Bf6 30. Rxa7 Kg7 31. Rc7 b5 32. a7 Qb6 33. Rd7 Qc6 34. Qxd5 Qxd5 35. Rxd5 1-0

[Event "RUS-ch Blitz Men 2018"]
[Site "Sochi"]
[Date "2018.10.07"]
[Round "8"]
[White "Sjugirov, Sanan"]
[Black "Rakhmanov, Aleksandr"]
[Result "1/2-1/2"]
[WhiteElo "2654"]
[BlackElo "2634"]
[Annotator "TA"]
[PlyCount "118"]
[EventDate "2018.10.07"]
[EventType "swiss"]
[EventCountry "RUS"]
[SourceTitle "playchess.com"]
[Source "ChessBase"]
[SourceQuality "1"]

1. e4 e5 2. Nf3 Nf6 3. Nxe5 d6 4. Nf3 Nxe4 5. c4 Nc6 6. Nc3 Nxc3 7. dxc3 g6 8. Bd3 Qe7+ 9. Qe2 Qxe2+ 10. Bxe2 Bg7 11. Be3 O-O 12. O-O-O Re8 13. Rhe1 b6 14. Nd2 Ne5 15. f4 Nc6 16. Bf3 Bb7 17. Bf2 Na5 18. Bd5 Bxd5 19. cxd5 Nb7 20. Kc2 Kf8 21. Kd3 Rxe1 22. Rxe1 Re8 23. Ra1 a6 24. b4 Ke7 25. a4 Kd7 26. Rb1 f5 27. Nf3 Nd8 28. Bd4 Bxd4 29. Nxd4 Nb7 30. g3 Nd8 31. Rg1 Nf7 32. a5 b5 33. Nc6 Nh6 34. h3 Ng8 35. g4 fxg4 36. hxg4 Ne7 37. Nxe7 Rxe7 38. Rh1 Rf7 39. Ke4 Re7+ 40. Kf3 Rf7 41. Rc1 c6 42. c4 bxc4 43. dxc6+ Kxc6 44. Rxc4+ Kd5 45. Rc1 Rb7 46. Rd1+ Ke6 47. Rd4 d5 48. Ke3 h5 49. Kf3 Kd6 50. gxh5 gxh5 51. Kg3 Ke6 52. Kh4 Rh7 53. Rd1 Rb7 54. Rd4 Rh7 55. b5 axb5 56. Rb4 Kf5 57. Rxb5 Kxf4 58. Rxd5 Ke4 59. Rxh5 Rxh5+ 1/2-1/2

[Event "RUS-ch Blitz Men 2018"]
[Site "Sochi"]
[Date "2018.10.07"]
[Round "8"]
[White "Riazantsev, Alexander"]
[Black "Artemiev, Vladislav"]
[Result "0-1"]
[WhiteElo "2649"]
[BlackElo "2706"]
[Annotator "TA"]
[PlyCount "108"]
[EventDate "2018.10.07"]
[EventType "swiss"]
[EventCountry "RUS"]
[SourceTitle "playchess.com"]
[Source "ChessBase"]
[SourceQuality "1"]

1. d4 Nf6 2. c4 g6 3. Nc3 d5 4. cxd5 Nxd5 5. Bd2 Bg7 6. e4 Nb6 7. Be3 O-O 8. Bb5 Nc6 9. Nf3 Bg4 10. O-O Bxf3 11. gxf3 Nxd4 12. f4 Nxb5 13. Nxb5 c6 14. Nc3 Nc4 15. e5 Nxe3 16. fxe3 Qb6 17. Qe2 f6 18. exf6 exf6 19. f5 Rae8 20. Rae1 Re5 21. Kh1 Rxf5 22. Rxf5 gxf5 23. Rg1 Kh8 24. Qg2 Bh6 25. e4 fxe4 26. Nxe4 Qd4 27. Qf3 f5 28. Ng3 Qd5 29. Qxd5 cxd5 30. Rd1 f4 31. Nf1 Rf5 32. Kg2 f3+ 33. Kf2 Bf8 34. Rc1 b6 35. Ng3 Rf7 36. Rc8 Kg7 37. Rd8 Bc5+ 38. Kf1 d4 39. Ne4 Kg6 40. Rd5 Rf5 41. Rd7 a5 42. Kf2 Rf4 43. Nxc5 bxc5 44. Ra7 Kf5 45. Rxa5 Ke4 46. Rxc5 Rg4 47. Rc7 Rg2+ 48. Kf1 Rxh2 49. a4 Rxb2 50. Rxh7 d3 51. Re7+ Kd4 52. Rd7+ Kc3 53. Rc7+ Kb3 54. Rd7 d2 0-1

[Event "RUS-ch Blitz Men 2018"]
[Site "Sochi"]
[Date "2018.10.07"]
[Round "8"]
[White "Paravyan, David"]
[Black "Kozionov, Kirill"]
[Result "1-0"]
[WhiteElo "2629"]
[BlackElo "2458"]
[Annotator "TA"]
[PlyCount "89"]
[EventDate "2018.10.07"]
[EventType "swiss"]
[EventCountry "RUS"]
[SourceTitle "playchess.com"]
[Source "ChessBase"]
[SourceQuality "1"]

1. e4 e5 2. Nf3 Nc6 3. Bb5 Nf6 4. d3 Bc5 5. Bg5 h6 6. Bh4 d6 7. Nbd2 a6 8. Bxc6+ bxc6 9. c3 Ba7 10. h3 g5 11. Bg3 Nh5 12. Nf1 f5 13. Bh2 Nf4 14. Ne3 fxe4 15. dxe4 Bxe3 16. fxe3 Ng6 17. Nxe5 dxe5 18. Qh5 Qd6 19. Rd1 Qe6 20. O-O Ke7 21. h4 Bd7 22. hxg5 Raf8 23. b3 Rxf1+ 24. Rxf1 hxg5 25. Qxg5+ Ke8 26. Rf6 Qg4 27. Qxg4 Bxg4 28. Rxg6 Bd7 29. Bxe5 Rh4 30. Rg8+ Kf7 31. Rg7+ Ke6 32. Bf4 Rh5 33. g4 Ra5 34. a4 Rc5 35. c4 Be8 36. Kf2 Ra5 37. Ke1 Bf7 38. Kd2 Kf6 39. Rh7 Bg6 40. Rh6 Kg7 41. Kc3 Bxe4 42. Re6 Bg6 43. Kb4 Bf7 44. Re7 Kf6 45. Rxf7+ 1-0

[Event "RUS-ch Blitz Men 2018"]
[Site "Sochi"]
[Date "2018.10.07"]
[Round "8"]
[White "Alekseev, Evgeny"]
[Black "Fakhrutdinov, Timur"]
[Result "0-1"]
[WhiteElo "2620"]
[BlackElo "2472"]
[Annotator "ChessBase"]
[PlyCount "100"]
[EventDate "2018.10.07"]
[EventType "swiss"]
[EventCountry "RUS"]
[SourceTitle "playchess.com"]
[Source "ChessBase"]
[SourceQuality "1"]

1. e4 e5 2. Nf3 Nc6 3. Bc4 Bc5 4. O-O Nf6 5. d3 a6 6. c3 Ba7 7. Bb3 d6 8. Be3 Bxe3 9. fxe3 O-O 10. Nbd2 Qe7 11. Qe1 Be6 12. Bc2 h6 13. h3 Qd7 14. Nh4 Ne7 15. d4 c6 16. Qg3 Nh5 17. Qh2 Ng6 18. Nf5 Bxf5 19. exf5 Ne7 20. Ne4 Nd5 21. Rae1 Rfe8 22. c4 Ndf6 23. Nc3 Nh7 24. g4 N5f6 25. Qg3 exd4 26. exd4 d5 27. c5 Ng5 28. Re5 Nfe4 29. Qg2 f6 30. Rxe8+ Rxe8 31. h4 Nxc3 32. bxc3 Ne4 33. Rf3 Qc7 34. Re3 Qf4 35. Qf3 Qxf3 36. Rxf3 Nd2 37. Rf2 Nc4 38. Bd3 Re1+ 39. Kg2 Ne3+ 40. Kf3 Nd1 41. Rd2 Nxc3 42. Rb2 Nb5 43. Kf2 Rd1 44. Bxb5 axb5 45. a4 bxa4 46. Rxb7 Rxd4 47. Rc7 Rxg4 48. Rxc6 Rxh4 49. Rd6 Rc4 50. Rxd5 a3 0-1

[Event "RUS-ch Blitz Men 2018"]
[Site "Sochi"]
[Date "2018.10.07"]
[Round "8"]
[White "Kobalia, Mikhail"]
[Black "Timofeev, Artyom"]
[Result "1/2-1/2"]
[WhiteElo "2620"]
[BlackElo "2580"]
[Annotator "ChessBase"]
[PlyCount "61"]
[EventDate "2018.10.07"]
[EventType "swiss"]
[EventCountry "RUS"]
[SourceTitle "playchess.com"]
[Source "ChessBase"]
[SourceQuality "1"]

1. e4 e6 2. d4 d5 3. Nc3 dxe4 4. Nxe4 Nd7 5. Nf3 Ngf6 6. Bd3 c5 7. O-O Nxe4 8. Bxe4 Nf6 9. Bd3 cxd4 10. Nxd4 Bc5 11. Nf3 O-O 12. Qe2 b6 13. Bg5 Bb7 14. Rad1 Qc7 15. Bxf6 gxf6 16. Be4 Rad8 17. c3 Rxd1 18. Rxd1 Bxe4 19. Qxe4 Rd8 20. Rd3 Rxd3 21. Qxd3 Qf4 22. Qd1 Qe4 23. g3 Kg7 24. Kg2 a5 25. Qd2 h5 26. h4 b5 27. b3 Kg6 28. Qd1 Kg7 29. Qd2 Kg6 30. Qd1 Kg7 31. Qd2 1/2-1/2

[Event "RUS-ch Blitz Men 2018"]
[Site "Sochi"]
[Date "2018.10.07"]
[Round "8"]
[White "Romanov, Evgeny"]
[Black "Ponkratov, Pavel"]
[Result "0-1"]
[WhiteElo "2614"]
[BlackElo "2628"]
[Annotator "TA"]
[PlyCount "66"]
[EventDate "2018.10.07"]
[EventType "swiss"]
[EventCountry "RUS"]
[SourceTitle "playchess.com"]
[Source "ChessBase"]
[SourceQuality "1"]

1. c4 e5 2. g3 Nf6 3. Bg2 c6 4. Nf3 d6 5. Nc3 Nbd7 6. O-O Be7 7. d3 O-O 8. b4 d5 9. cxd5 Nxd5 10. Nxd5 cxd5 11. Qb3 a5 12. Qxd5 axb4 13. Bd2 Ra5 14. Qb3 Ra3 15. Qb2 Qa5 16. Rfb1 Ra4 17. Ng5 Nb8 18. Be4 h6 19. Nf3 f5 20. Qb3+ Kh7 21. Bd5 Bd6 22. e4 Nc6 23. Qd1 f4 24. Ng5+ Kg6 25. Ne6 Bxe6 26. Bxe6 Nd4 27. Bd5 Kh7 28. Kg2 Ra3 29. Bc1 Rc3 30. Bb2 b5 31. Rc1 f3+ 32. Kf1 Qc7 33. Qd2 Rc8 0-1

[Event "RUS-ch Blitz Men 2018"]
[Site "Sochi"]
[Date "2018.10.07"]
[Round "8"]
[White "Antipov, Mikhail Al."]
[Black "Esipenko, Andrey"]
[Result "0-1"]
[WhiteElo "2593"]
[BlackElo "2609"]
[Annotator "TA"]
[PlyCount "88"]
[EventDate "2018.10.07"]
[EventType "swiss"]
[EventCountry "RUS"]
[SourceTitle "playchess.com"]
[Source "ChessBase"]
[SourceQuality "1"]

1. e4 c6 2. d4 d5 3. e5 Bf5 4. h4 h5 5. Bd3 Bxd3 6. Qxd3 Qa5+ 7. Nd2 e6 8. Ne2 Nh6 9. O-O Nf5 10. Nf3 Be7 11. g3 Nd7 12. Bg5 Qb5 13. Qxb5 cxb5 14. Bxe7 Kxe7 15. c3 Rhc8 16. a3 g6 17. Nf4 Nb6 18. Nd3 Nc4 19. Rfe1 Rc7 20. Re2 Rac8 21. Nfe1 Kf8 22. Nf3 Kg7 23. Ng5 Na5 24. Kg2 Nc6 25. f3 a5 26. g4 hxg4 27. fxg4 Nh6 28. Kg3 b4 29. axb4 axb4 30. Nc5 Nd8 31. cxb4 b6 32. Nd3 Rc4 33. Nf3 Nc6 34. b3 Rc3 35. Rd2 Rxb3 36. Rc1 Ne7 37. Rxc8 Nxc8 38. Rc2 Na7 39. Nf4 Nb5 40. Ne2 Re3 41. Kf2 Nxg4+ 42. Kg3 Nh6 43. Kf2 Nf5 44. Rc6 Rxf3+ 0-1

[Event "RUS-ch Blitz Men 2018"]
[Site "Sochi"]
[Date "2018.10.07"]
[Round "8"]
[White "Maletin, Pavel"]
[Black "Oparin, Grigoriy"]
[Result "0-1"]
[WhiteElo "2586"]
[BlackElo "2624"]
[Annotator "ChessBase"]
[PlyCount "104"]
[EventDate "2018.10.07"]
[EventType "swiss"]
[EventCountry "RUS"]
[SourceTitle "playchess.com"]
[Source "ChessBase"]
[SourceQuality "1"]

1. c4 Nf6 2. g3 e6 3. Bg2 d5 4. Nf3 dxc4 5. Qa4+ Bd7 6. Qxc4 c5 7. Ne5 Qc8 8. Qd3 Nc6 9. Nxd7 Nxd7 10. Nc3 Be7 11. O-O O-O 12. b3 Rd8 13. Bb2 Nb6 14. Qc2 Qd7 15. Rad1 Rac8 16. d3 Bf6 17. Qb1 Qe7 18. e3 Nb4 19. a3 N4d5 20. Ne4 Bxb2 21. Qxb2 h6 22. Rc1 Nd7 23. d4 cxd4 24. Qxd4 Rxc1 25. Rxc1 Qxa3 26. Ra1 Qxb3 27. Qxa7 Qb4 28. g4 N7f6 29. Nxf6+ Nxf6 30. h3 b6 31. Qc7 Qd6 32. Qb7 Rb8 33. Qa6 g6 34. Bf3 Kg7 35. Rd1 Qe5 36. Bb7 h5 37. Bf3 hxg4 38. hxg4 b5 39. Qa5 Rh8 40. Qb4 Rc8 41. Kg2 Rc4 42. Qe7 Nxg4 43. Rh1 Nxe3+ 44. fxe3 Rc2+ 45. Kh3 Qxe3 46. Kg3 Qe5+ 47. Kh3 Qf4 48. Qa3 b4 49. Qa1+ e5 50. Qd1 b3 51. Qd5 b2 52. Bg2 Rc3+ 0-1

[Event "RUS-ch Blitz Men 2018"]
[Site "Sochi"]
[Date "2018.10.07"]
[Round "8"]
[White "Rozum, Ivan"]
[Black "Yuffa, Daniil"]
[Result "0-1"]
[WhiteElo "2573"]
[BlackElo "2563"]
[Annotator "TA"]
[PlyCount "78"]
[EventDate "2018.10.07"]
[EventType "swiss"]
[EventCountry "RUS"]
[SourceTitle "playchess.com"]
[Source "ChessBase"]
[SourceQuality "1"]

1. d4 Nf6 2. Nf3 g6 3. Nbd2 d5 4. e3 Bg7 5. b4 O-O 6. a4 b6 7. b5 c5 8. bxc6 Nxc6 9. Be2 Bb7 10. O-O Rc8 11. Nb3 Ne4 12. Qe1 e5 13. c3 Re8 14. Bb2 Qe7 15. a5 Qc7 16. axb6 Qxb6 17. Ra3 Bf8 18. Qa1 Bxa3 19. Qxa3 exd4 20. Nbxd4 Na5 21. Ba1 Nc4 22. Qa2 Qa6 23. Qc2 Bc6 24. Nxc6 Rxc6 25. Nd4 Rb6 26. f3 Ned6 27. e4 Qc8 28. Qc1 dxe4 29. fxe4 Nxe4 30. Bd3 Rf6 31. Rxf6 Nxf6 32. Qf1 Nd2 33. Qxf6 Re1+ 34. Kf2 Rxa1 35. Ke2 Qe8+ 36. Kxd2 Qe1+ 37. Kc2 Qc1+ 38. Kb3 Ra3+ 39. Kb4 Qxc3+ 0-1

[Event "RUS-ch Blitz Men 2018"]
[Site "Sochi"]
[Date "2018.10.07"]
[Round "8"]
[White "Bocharov, Ivan"]
[Black "Panarin, Mikhail"]
[Result "1-0"]
[WhiteElo "2563"]
[BlackElo "2562"]
[Annotator "TA"]
[PlyCount "105"]
[EventDate "2018.10.07"]
[EventType "swiss"]
[EventCountry "RUS"]
[SourceTitle "playchess.com"]
[Source "ChessBase"]
[SourceQuality "1"]

1. e4 c5 2. Nf3 e6 3. d4 cxd4 4. Nxd4 Nc6 5. Nc3 Qc7 6. Be3 a6 7. Qf3 Nf6 8. O-O-O Nxd4 9. Bxd4 e5 10. Be3 d6 11. Bg5 Bg4 12. Nd5 Qc8 13. Qc3 Nxe4 14. Qxc8+ Rxc8 15. f3 Nxg5 16. fxg4 Ne4 17. Re1 Nf2 18. Rg1 Nxg4 19. Be2 Nf6 20. Nxf6+ gxf6 21. Bf3 Rc7 22. g4 Bh6+ 23. Kb1 Bf4 24. h3 Ke7 25. Rgf1 Bg5 26. Rd1 b5 27. c3 Rb8 28. a3 a5 29. Bd5 b4 30. axb4 axb4 31. c4 b3 32. Rf3 h5 33. Rdd3 hxg4 34. hxg4 f5 35. gxf5 Kf6 36. Rxb3 Rxb3 37. Rxb3 Kxf5 38. Rf3+ Bf4 39. b4 e4 40. Rf1 Ke5 41. b5 f5 42. b6 Rc8 43. b7 Rb8 44. Kc2 Be3 45. Ra1 Bb6 46. Rh1 f4 47. Rh6 e3 48. Re6+ Kd4 49. Re4+ Kc5 50. Rxf4 Ba7 51. Re4 Kb4 52. Re6 Rf8 53. Kd3 1-0